| 000 | 02043nam a2200337 c 4500 | ||
|---|---|---|---|
| 003 | BLK | ||
| 005 | 20240405005357.0 | ||
| 008 | 180411b bul|||||r ||||||| ||bul|| | ||
| 010 | _aKNG00194229000 | ||
| 040 | _aBLK | ||
| 041 |
_aBUL _cBUL |
||
| 080 |
_aИкономически науки в цялост. Политическа икономия. Вж и 338 ; 65 _b330 _x _z330 |
||
| 080 |
_aИкономическо положение. Икономическа политика. Управление. Планиране. Производство. Услуги. Цени _b338 _x(497.2) _z338(497.2) |
||
| 100 |
_aЖивков, Тодор Христов _d1911 - 1998 _gБългарски политик, БКП. Първи секретар и генерален секретар на ЦК на БКП, председател на Министерския съвет и председател на Държавния съвет на НРБ _9365041 |
||
| 139 |
_aЖивков, Тодор Христов _bЖ 48 |
||
| 245 | 1 | 0 |
_aЗа характера на собствената материално-техническа база на зрелия социализъм - проблеми и подходи на нейното изграждане в България _bЛекция първа от цикъла лекции, изнесени пред слушателите и преподавателите в АОНСУ при ЦК на БКП _cТодор Христов Живков. |
| 257 | _aBGR | ||
| 260 |
_аСофия _bПартиздат _c1983 |
||
| 300 |
_a63 с. _c20 см |
||
| 380 | _a3 | ||
| 650 | 4 |
_aСоциализъм - материално-техническа база _9317891 |
|
| 653 | _aматериално-техническа база | ||
| 653 | _aсоциализъм | ||
| 653 | _aлекции | ||
| 852 | _aЦб 121907 | ||
| 856 | 4 |
_qpdf _u |
|
| 856 | 4 |
_qpdf _u |
|
| 942 |
_cKNG _n0 |
||
| 944 |
_aCR _c21.10.2016 _k _lCRON CRON |
||
| 944 |
_aED _c21.10.2016 _kХристина_Везирева |
||
| 999 |
_c185236 _d185236 |
||